Super smash bros ultimate characters - Statistics

General Stats
  • This quiz has been taken 61 times
  • The average score is 58 of 73
Answer Stats
Game Character % Correct
Super Mario Mario
100%
Super Mario Peach
98%
Super Mario Bowser
95%
Super Mario Luigi
95%
Donkey Kong Donkey Kong
93%
Wario Ware Wario
93%
Yoshi Yoshi
91%
The legend of Zelda Zelda
91%
Bayonetta Bayonetta
88%
Super Mario Daisy
88%
Kirby Kirby
88%
The legend of Zelda Link
88%
Duck Hunt Duck Hunt
86%
Star Fox Fox
86%
Street Fighter Ken
86%
Pokémon Pikachu
86%
R.O.B R.O.B
86%
Mega Man Mega Man
84%
Pokémon Pokémon trainer
84%
Metroid Samus
84%
Sonic the Hedgehog Sonic
84%
Wii Fit Wii Fit trainer
84%
Super Mario Bowser Jr
81%
Final Fantasy VII Cloud
81%
Donkey Kong Diddy Kong
81%
Star Fox Falco
81%
Fire Emblem Marth
81%
Kirby Meta Knight
81%
Pac-Man Pac-Man
81%
Street Fighter Ryu
81%
The legend of Zelda Toon Link
81%
Star Fox Wolf
81%
Ice Climber Ice Climbers
79%
Punch Out Little Mac
79%
Pokémon Lucario
79%
Earth Bound Lucas
79%
Earth Bound Ness
79%
Kid Icarus Palutena
79%
Metal Gear Solid Snake
79%
Animal Crossing Villager
79%
Metroid Zero Suit Samus
79%
Kid Icarus Dark Pit
77%
The legend of Zelda Ganondorf
77%
Pokémon Greninja
77%
Splatoon Inkling
77%
Animal Crossing Isabelle
77%
Pokémon Jigglypuff
77%
Kirby King Dedede
77%
Donkey Kong King K Rool
77%
Pikmin Olimar
77%
Kid Icarus Pit
77%
Metroid Ridley
77%
Castlevania Simon
77%
The legend of Zelda Young Link
77%
Metroid Dark Samus
74%
Pokémon Pichu
74%
Castlevania Richter
74%
The legend of Zelda Sheik
74%
Fire Emblem Chrom
72%
Super Mario Dr Mario
72%
Fire Emblem Ike
72%
Pokémon Mewtwo
72%
Fire Emblem Robin
72%
Fire Emblem Roy
72%
Xenoblade Chronicles Shulk
72%
F-Zero Captain Falcon
70%
Pokémon Incineroar
70%
Fire Emblem Lucina
70%
Game & Watch Mr Game & Watch
70%
Fire Emblem Corrin
67%
Super Mario Rosalina & Luma
67%
Super Mario Piranha Plant
60%
Mii Mii Fighter
56%
No matching quizzes found
Score Distribution
Percent of People with Each Score
Percentile by Number Answered
Your Score History
You have not taken this quiz